Rappeurs par lettre - D - Statistiques

Statistiques générales
  • Ce quiz a été pris 292 fois
    268 depuis la dernière actualisation
  • Le résultat moyen est 7 sur 18
Statistiques - réponses
Albums notable Rappeur % Correct
Ipséité, Lithopédion Damso
97%
Taciturne, Stamina Dinos
79%
Ronaldinor Dinor
69%
Dans ma bulle Diam's
65%
Poison ou antidote, Gentleman 2.0 Dadju
53%
Architecte, Vrai 2 vrai Da Uzi
50%
Première consultation Doc Gynéco
47%
Trix City Diddi Trix
46%
Perestroika, Yuri Dosseh
46%
Pilote, Pull à capuche et billets mauves Doums
30%
On s'promet, Dans l'arène Djadja & Dinaz
26%
S/O le Flem Django
26%
Le Poisson rouge, L'Amour Disiz la Peste
22%
La hass avant le bonheur DTF
19%
L'art tisant, Accusé de réflexion Davodka
14%
Inception, Grand cru Deen Burbigo
13%
Mode S, Ange déchu Dabs
9%
Dragon Rash, 2 chez moi Demi Portion
8%
Aucun quiz correspondant
Distribution des résultats
% des personnes avec chaque résultat
Percentile par nombre de réponses
Votre historique - résultats
Vous n’avez pas pris ce quiz depuis la dernière actualisation